Interchangeability of high-BTU oil gases and natural gases /

Bibliographic Details
Main Author: Searight, Edward F.
Format: Book
Language:English
Published: Chicago : Institute of Gas Technology, 1956.
Series:Research bulletin (Institute of Gas Technology) ; 24.
Subjects:

MARC

Tag First Indicator Second Indicator Subfields
LEADER 00000cam a2200000 4500
001 in00000099534
005 20150926125624.0
008 760920s1956 ilua b 00010 eng
010 |a  55012527  
035 |a (OCoLC)02453239 
035 |9 AAL3955AM 
040 |a DLC  |c GAT  |d TXA  |d UtOrBLW 
049 |a TXAM  |c [380164] 
050 0 0 |a TP754  |b .S38 
082 0 |a 665.77* 
100 1 |a Searight, Edward F. 
245 1 0 |a Interchangeability of high-BTU oil gases and natural gases /  |c by E. F. Searight [and others]. 
264 1 |a Chicago :  |b Institute of Gas Technology,  |c 1956. 
300 |a 59 pages :  |b illustrations ;  |c 28 cm. 
336 |a text  |b txt  |2 rdacontent 
337 |a unmediated  |b n  |2 rdamedia 
338 |a volume  |b nc  |2 rdacarrier 
490 1 |a [Chicago] Institute of Gas Technology. Research bulletin ;  |v 24 
500 |a "Sponsored by the Gas Operations Research Committee of the American Gas Association." 
500 |a On cover: A PAR plan activity of the American Gas Association. 
504 |a Bibliography: page 44. 
650 0 |a Gas  |x Testing. 
650 0 |a Natural gas. 
650 0 |a Butane. 
830 0 |a Research bulletin (Institute of Gas Technology) ;  |v 24. 
999 |a MARS 
999 f f |s 49a46276-3ee6-314f-85db-5b287877830b  |i ad685d9e-ef1c-317c-a6f4-255bcea5e135  |t 0 
952 f f |p ric  |a Texas A&M University  |b Rellis Campus  |c Joint Library Facility  |d Remote Storage  |t 0  |e TP754 .S38  |h Library of Congress classification  |i unmediated -- volume  |m A14805614364 
998 f f |a TP754 .S38  |t 0  |l Remote Storage